000 00469nam a22001817a 4500
003 OSt
005 20260130120110.0
008 250614b |||||||| |||| 00| 0 eng d
020 _a9789966226082
040 _cOutspan Global University
100 _aChemtai, A. K.
_eAuthor
245 _aIMMUNOLOGY
_cby A.K Chemtai.
250 _a3rd ed
260 _aKenya:
_bJomo Kenyatta Foundation,
_cc2007
300 _a285p
700 _aChemtai A.K
_eAuthor
942 _2lcc
_cBK
_n0
999 _c143
_d143